header

English in Kenya or Kenyan English? / (Record no. 3622)

MARC details
000 -LEADER
fixed length control field 01890nam a2200421 i 4500
001 - CONTROL NUMBER
control field ebr10954808
003 - CONTROL NUMBER IDENTIFIER
control field CaPaEBR
006 - FIXED-LENGTH DATA ELEMENTS--ADDITIONAL MATERIAL CHARACTERISTICS--GENERAL INFORMATION
fixed length control field m o d
007 - PHYSICAL DESCRIPTION FIXED FIELD--GENERAL INFORMATION
fixed length control field cr cn|||||||||
008 - FIXED-LENGTH DATA ELEMENTS--GENERAL INFORMATION
fixed length control field 141024t20142014gw a ob 000 0 eng d
020 ## - INTERNATIONAL STANDARD BOOK NUMBER
Cancelled/invalid ISBN 9783631643990
International Standard Book Number 9783653029543 (e-book)
040 ## - CATALOGING SOURCE
Original cataloging agency CaPaEBR
Language of cataloging eng
Description conventions rda
-- pn
Transcribing agency CaPaEBR
035 ## - SYSTEM CONTROL NUMBER
System control number (OCoLC)893333272
043 ## - GEOGRAPHIC AREA CODE
Geographic area code f-ke---
050 14 - LIBRARY OF CONGRESS CALL NUMBER
Classification number PE3432.K4
Item number .B84 2014eb
082 04 - DEWEY DECIMAL CLASSIFICATION NUMBER
Classification number 427/.96762
Edition number 23
100 1# - MAIN ENTRY--PERSONAL NAME
Personal name Budohoska, Natalia,
Dates associated with a name 1983-
Relator term author.
245 10 - TITLE STATEMENT
Title English in Kenya or Kenyan English? /
Statement of responsibility, etc Natalia Budohoska.
264 #1 - PRODUCTION, PUBLICATION, DISTRIBUTION, MANUFACTURE, AND COPYRIGHT NOTICE
Place of production, publication, distribution, manufacture Frankfurt am Main, Germany :
Name of producer, publisher, distributor, manufacturer Peter Lang Edition,
Date of production, publication, distribution, manufacture, or copyright notice 2014.
Date of production, publication, distribution, manufacture, or copyright notice �2014
300 ## - PHYSICAL DESCRIPTION
Extent 1 online resource (196 pages) :
Other physical details illustrations, graphs.
336 ## - CONTENT TYPE
Content type term text
Source rdacontent
337 ## - MEDIA TYPE
Media type term computer
Source rdamedia
338 ## - CARRIER TYPE
Carrier type term online resource
Source rdacarrier
490 1# - SERIES STATEMENT
Series statement Polish Studies in English Language and Literature,
International Standard Serial Number 1436-7513 ;
Volume number/sequential designation Volume 36
504 ## - BIBLIOGRAPHY, ETC. NOTE
Bibliography, etc Includes bibliographical references.
588 ## - SOURCE OF DESCRIPTION NOTE
Source of description note Description based on print version record.
590 ## - LOCAL NOTE (RLIN)
Local note Electronic reproduction. Palo Alto, Calif. : ebrary, 2014. Available via World Wide Web. Access may be limited to ebrary affiliated libraries.
650 #0 - SUBJECT ADDED ENTRY--TOPICAL TERM
Topical term or geographic name as entry element English language
General subdivision Dialects
Geographic subdivision Kenya.
Topical term or geographic name as entry element English language
Geographic subdivision Kenya.
651 #0 - SUBJECT ADDED ENTRY--GEOGRAPHIC NAME
Geographic name Kenya
General subdivision Languages.
655 #0 - INDEX TERM--GENRE/FORM
Genre/form data or focus term Electronic books.
776 08 - ADDITIONAL PHYSICAL FORM ENTRY
Display text Print version:
Main entry heading Budohoska, Natalia, 1983-
Title English in Kenya or Kenyan English?
Place, publisher, and date of publication Frankfurt am Main, Germany : Peter Lang Edition, c2014
Physical description 191 pages
Series data for related item Polish studies in English language and literature ; Volume 36.
International Standard Serial Number 1436-7513
International Standard Book Number 9783631643990
Record control number 2014021258
797 2# - LOCAL ADDED ENTRY--CORPORATE NAME (RLIN)
Corporate name or jurisdiction name as entry element ebrary.
830 #0 - SERIES ADDED ENTRY--UNIFORM TITLE
Uniform title Polish studies in English language and literature ;
Volume number/sequential designation Volume 36.
856 40 - ELECTRONIC LOCATION AND ACCESS
Uniform Resource Identifier <a href="http://site.ebrary.com/lib/rucke/Doc?id=10954808">http://site.ebrary.com/lib/rucke/Doc?id=10954808</a>
Public note An electronic book accessible through the World Wide Web; click to view

No items available.

© 2026 Rongo University
Contact us: librarian | system librarian | Rongo university